North American Countries by Capital City - Statistics

General Stats
  • This quiz has been taken 463 times
  • The average score is 16 of 23
Answer Stats
Hint Answer % Correct
Guatemala City Guatemala
97%
Mexico City Mexico
95%
Panama City Panama
95%
Ottawa Canada
94%
Havana Cuba
93%
Washington D.C. United States
86%
Kingston Jamaica
82%
San Salvador El Salvador
81%
Port-au-Prince Haiti
75%
Nassau Bahamas
73%
Managua Nicaragua
71%
Santo Domingo Dominican Republic
67%
Belmopan Belize
64%
San Jose Costa Rica
64%
Port of Spain Trinidad and Tobago
61%
Bridgetown Barbados
60%
Tegucigalpa Honduras
56%
Basseterre Saint Kitts and Nevis
55%
Castries Saint Lucia
54%
Kingstown Saint Vincent and the Grenadines
50%
Saint John's Antigua and Barbuda
49%
Roseau Dominica
47%
Saint George's Grenada
43%
No matching quizzes found
Score Distribution
Percent of People with Each Score
Percentile by Number Answered
Your Score History
You have not taken this quiz